Pierres Précieuses de A-Z - Statistiques

Statistiques générales
  • Ce quiz a été pris 472 fois
  • Le résultat moyen est 9 sur 26
Statistiques - réponses
Lettre Couleur Indice Pierre % Correct
E . Pierre Verte des personnes nées en Mai Émeraude
88%
A . Pierre Violette des personnes nées en Février Améthyste
84%
R . Pierre Rouge des personnes nées en Juillet Rubis
81%
D . Pierre Majoritairement Transparente des personnes nées en Avril Diamant
75%
S . Pierre Bleue des personnes nées en Septembre Saphir
74%
J . Pierre Verte qui est aussi un Prénom commun Jade
72%
Q . Pierre pouvant être de beaucoup de couleurs étant le 2nd minéral le plus abondantaprès les Feldspaths Quartz
72%
L . Pierre Bleue composée majoritairement de Lazurite, de Calcite et Pyrite Lapis-Lazuli
56%
O . Pierre Blanche des personnes nées en Octobre Opale
50%
G . Pierre Rouge des personnes nées en Janvier Grenat
47%
N . Matérieux Irisé que l'on retrouve notemment dans des coquilles sous-marines Nacre
43%
C . Pierre Jaune originaire d'un Quartz en carence d'Oxyde de Fer Citrine
25%
T . Pierre Sarcelle assez rare composée de Phosphate Turquoise
23%
M . Pierre Vert Foncé de la famille des Carbonates Malachite
22%
Z . Pierre pouvant être de beaucoup de couleurs très fragile avec des gisements en Asieet en France en Haute-Loire Zircon
20%
F . Pierre aux couleurs froides qui malgré son nom ne brille pas Fluorite
19%
H . Pierre Noire appellée aussi Pierre de Sang Hématite
19%
P . Pierre Verte des personnes nées en Aout Péridot
16%
I . Pierre Bleu Foncé appartenant à la famille des Silicates Iolite
2%
B . Pierre Verte contenant le nom d'un pays d'Amérique du Sud dans son nom Brazilianite
1%
V . Pierre Jaune / Verte du groupe des Sorosilicates Vésuvianite
1%
X . Pierre Brune très rare composée d'Yttrium, élément chimique N°39 Xenotime
1%
K . Pierre Verte originaire de la Tourmaline Kornérupine
0%
U . Pierre Vert Foncé originaire du Grenat faisant partie du groupe des Silicates Uvarovite
0%
W . Pierre Noire plutôt résistant selon l'échelle de Mohs (6) Wiluite
0%
Y . Mineral Blanc et Noir originaire d'une météorite de Fer Yagiite
0%
Aucun quiz correspondant
Distribution des résultats
% des personnes avec chaque résultat
Percentile par nombre de réponses
Votre historique - résultats
Vous n’avez pas pris ce quiz